000 00457nam a2200181Ia 4500
005 20260429112202.0
008 260429s9999||||xx |||||||||||||| ||und||
020 _a9783031875281
041 _aEnglish
082 _a512.86
_bHUP
100 _aHuppert, Bertram
245 0 _aFinite groups I /
_cBertram Huppert
250 _a1st ed.
260 _aSwitzerland :
_bSpringer,
_c2025.
300 _axi, 838 p.; hb
650 _aFinite groups
942 _cTB
999 _c52786
_d52786